000 00378nam a22001577a 4500
003 MPLRDC
005 20220104113845.0
008 210129b ||||| |||| 00| 0 eng d
082 _a848.1 LSQ-13 c.3
100 _a梁实秋著
245 _a白猫王子及其他
_c
260 _a
_b华联出版社
_c
300 _b
650 _a现代别集
942 _cBK
_o848.1 LSQ-13 c.3
999 _c2900
_d2890